| 000 | 00542nam a22001817a 4500 | ||
|---|---|---|---|
| 003 | CEME | ||
| 005 | 20210628205559.0 | ||
| 008 | 210308b xxu||||| |||| 00| 0 eng d | ||
| 020 | _a0-86341-294-7 | ||
| 040 | _c. | ||
| 082 | _a621.39814 SWI'T | ||
| 100 |
_aToumazou, C Battersby, N. Chughes, J. B _976110 |
||
| 245 | _aSwitched currents an analogue technique for digital technology | ||
| 260 |
_aENGLAND _bINSTITUTION OF ELECTRICAL ENGINEERS _c1993 |
||
| 300 | _a594P | ||
| 650 |
_aCELLULAR NEURAL NETWORKS,459 _976111 |
||
| 942 |
_cBK _2ddc |
||
| 999 |
_c581534 _d581534 |
||